000 00307nam a22001337a 4500
008 171027b xxu||||| |||| 00| 0 eng d
020 _a9780072318258
041 _aeng
080 _22ND
_a336
100 _a55
101 _aMEN
245 _aINTERNATIONAL FINANCIAL MANAGEMENT
_cEUN,C,S
942 _2udc
_cBK
999 _c36067
_d36067